Psicología del aprendizaje

Na minha lista:
Detalhes bibliográficos
Main Authors: Borger, Robert (Author), Seaborne, A. E. M (Author)
Formato: Livro
Idioma:espanhol
Publicado em: Barcelona Fontanella 1973
Colecção:Conducta humana, 6
Assuntos:
Tags: Adicionar Tag
Sem tags, seja o primeiro a adicionar uma tag!

MARC

LEADER 00000nam a2200000 a 4500
001 UCY6362
003 CL-VaPUC
008 950526e19730000SP |||||||||||||||||spa|d
082 0 4 |a 370.15  |b BOR  |2 21 
100 0 |a Borger, Robert  |e author  |9 336263 
700 0 |a Seaborne, A. E. M  |e author  |9 336264 
245 1 0 |a Psicología del aprendizaje 
300 |a 226 p 
942 |c BK 
945 |d 19950526 00:00:00  |a mfernand 
260 |a Barcelona  |b Fontanella  |c 1973 
650 0 |a Aprendizaje   |9 254827 
650 0 |a Psicología   |9 257863 
650 0 |a Motivación   |9 315362 
650 0 |a Procesos de aprendizaje  |9 309161 
650 0 |a Procesos mentales superiores  |9 330839 
650 7 |a DESARROLLO DE LOS PROCESOS MENTALES  |2 CL-VaPUC  |9 334692 
650 0 |a Comportamiento   |9 308406 
650 0 |a Percepción   |9 266750 
650 7 |a HABILIDAD  |2 CL-VaPUC  |9 336265 
650 0 |a Desarrollo del lenguaje   |9 311270 
650 0 |a Educación  |9 258661 
583 |a last modification  |c 19950526 00:00:00  |k Rodrigo Vera 
490 0 |a Conducta humana, 6 
999 |c 233929  |d 233927 
952 |0 0  |1 0  |4 0  |6 370_150000000000000_BOR_1973  |7 0  |8 P  |9 239767  |a BIBEDU  |b BIBEDU  |c BIBEDU_PB  |d 2019-11-18  |i 1511114  |o 370.15 BOR 1973  |p 1511114  |r 2024-01-25  |w 2019-11-18  |y BK  |k EDU